Forest Policy, Laws, Legislation and Constitution of India / by Girish B Shahapurmath, M. Hanumantha (Record no. 52288)

MARC details
000 -LEADER
fixed length control field 00553nam a22001697a 4500
003 - CONTROL NUMBER IDENTIFIER
control field OSt
008 - FIXED-LENGTH DATA ELEMENTS--GENERAL INFORMATION
fixed length control field 260625b |||||||| |||| 00| 0 eng d
020 ## - INTERNATIONAL STANDARD BOOK NUMBER
International Standard Book Number 9789388020657
082 ## - DEWEY DECIMAL CLASSIFICATION NUMBER
Classification number 634.92
Item number S52F
100 ## - MAIN ENTRY--PERSONAL NAME
Personal name Shahapurmath, Girish B
245 ## - TITLE STATEMENT
Title Forest Policy, Laws, Legislation and Constitution of India / by Girish B Shahapurmath, M. Hanumantha
260 ## - PUBLICATION, DISTRIBUTION, ETC. (IMPRINT)
Place of publication, distribution, etc Delhi :
Name of publisher, distributor, etc Satish Serial Publishing House,
Date of publication, distribution, etc 2020.
300 ## - PHYSICAL DESCRIPTION
Extent xvi, 251 p.
650 ## - SUBJECT ADDED ENTRY--TOPICAL TERM
Topical term or geographic name as entry element Agriculture | Forestry | Forest-management
700 ## - ADDED ENTRY--PERSONAL NAME
Personal name Hanumantha, M.
942 ## - ADDED ENTRY ELEMENTS (KOHA)
Source of classification or shelving scheme
Koha item type Books
Holdings
Withdrawn status Lost status Source of classification or shelving scheme Damaged status Not for loan Home library Current library Shelving location Date acquired Source of acquisition Cost, normal purchase price Total Checkouts Full call number Barcode Date last seen Bill Date Koha item type Bill Number
          Dr. Rajendra Prasad Central Agricultural University Pusa, Dr. Rajendra Prasad Central Agricultural University Pusa, General Stacks 25/06/2026 Today & Tomorrow Printers and Publishers 1250.00   634.92 S52F 87126 25/06/2026 29/01/2026 Books Bill No. IN-00449
Hosted, Implemented, Customized & Maintained by: BestBookBuddies

Powered by Koha